000 01318 a2200205 4500
001 61332
005 20260407155903.0
008 260407a1981 arg spa d
003 AR-UNSa-BCEJYS
040 _aAR-UNSa-BCEJYS
_bspa
_cAR-UNSa-BCEJYS
080 _a343.35
_xDelitos contra la administración pública. Abuso de la función pública (Corrupción)
245 1 0 _aDelitos contra la administración pública
_pComentario de los artículos 237 a 281 del Código Penal
264 1 _aBuenos Aires :
_bAstrea
_c1981
300 _axxxix, 607 p.
_c23 cm.
505 _a1. Atentado y resistencia contra la autoridad - 2. Desacato – 3. Usurpación de autoridad, títulos u honores – 4. Abuso de autoridad y violación de los deberes de funcionarios públicos – 5. Violación de sellos y documentos – 6. Cohecho – 7. Malversación de caudales públicos – 8. Negociaciones incompatibles con el ejercicio de funciones públicas – 9. Exacciones ilegales – 9 BIS. Enriquecimiento ilícito de funcionarios públicos – 10. Prevaricato – 11. Denegación y retardo de justicia – 12. Denuncias y testimonios falsos – 13. Encubrimiento – 14. Evasión, quebrantamiento de pena y derecho de opción
041 _aspa
942 _cBK
590 _aniveau_biblio:m niveau_hierar:0
100 1 _aCreus, Carlos
999 _c7272
_d7272